| 000 | 02365cam a22006014a 4500 | ||
|---|---|---|---|
| 001 | 53698 | ||
| 005 | 20230410142348.0 | ||
| 008 | 051221s2006 nyubj b 001 0 eng c | ||
| 010 | _a 2005037248 | ||
| 035 | _a(OCoLC)ocm62789917 | ||
| 040 |
_aNIC/DLC _cDLC _dBAKER _dUKM _dC#P _dIXA _dYUS _dCOO _dPUL _dIG# _dBTCTA _dYDXCP _dLVB _dNLGGC |
||
| 015 |
_aGBA648076 _2bnb |
||
| 016 | 7 |
_a013470292 _2Uk |
|
| 020 | _a0801444039 (cloth : alk. paper) | ||
| 020 | _a9780801444036 (cloth : alk. paper) | ||
| 029 | 1 |
_aIG# _b0801444039 |
|
| 029 | 1 |
_aYDXCP _b2373787 |
|
| 029 | 1 |
_aNLGGC _b291680097 |
|
| 029 | 1 |
_aNZ1 _b10637324 |
|
| 035 | _a(OCoLC)62789917 | ||
| 042 | _apcc | ||
| 043 | _ae-it--- | ||
| 050 | 1 | 4 |
_aBX1546.S26 _bR183t 2006 |
| 082 | 0 | 0 |
_a274.5/7403 _222 |
| 084 |
_a11.52 _2bcl |
||
| 049 | _aGRAL | ||
| 100 | 1 | _aRamseyer, Valerie. | |
| 245 | 1 | 4 |
_aThe transformation of a religious landscape : _bmedieval southern Italy, 850-1150 / _cValerie Ramseyer. |
| 260 |
_aIthaca, N.Y. : _bCornell University Press, _c2006. |
||
| 300 |
_axiv, 222 p. : _bmaps, geneal. tables ; _c25 cm. |
||
| 490 | 1 | _aConjunctions of religion and power in the medieval past | |
| 504 | _aIncludes bibliographical references (p. [197]-213) and index. | ||
| 651 | 0 |
_aSalerno (Italy : Province) _xChurch history. |
|
| 610 | 2 | 0 |
_aCatholic Church _zItaly _zSalerno (Province) _xHistory. |
| 610 | 2 | 0 |
_aAbbazia della Trinitáa della Cava (Cava de' Tirreni, Italy) _xHistory. |
| 651 | 0 |
_aItaly, Southern _xHistory _y535-1268. |
|
| 610 | 2 | 6 |
_aâEglise catholique _zItalie _zSalerne (Province) _xHistoire. |
| 610 | 2 | 6 |
_aAbbazia della Trinitáa della Cava (Cava de' Tirreni, Italie) _xHistoire. |
| 651 | 6 |
_aSalerne (Italie : Province) _xHistoire religieuse. |
|
| 651 | 6 |
_aMezzogiorno (Italie) _xHistoire _y535-1268. |
|
| 650 | 1 | 7 |
_aGregoriaanse reformatie. _2gtt |
| 650 | 1 | 7 |
_aLandinrichting. _2gtt |
| 651 | 7 |
_aZuid-Italièe. _2gtt |
|
| 830 | 0 | _aConjunctions of religion & power in the medieval past. | |
| 856 | 4 | 1 |
_3Table of contents _uhttp://www.loc.gov/catdir/toc/ecip065/2005037248.html |
| 938 |
_aBaker & Taylor _bBKTY _c42.50 _d42.50 _i0801444039 _n0006648368 _sactive |
||
| 938 |
_aIngram _bINGR _n0801444039 |
||
| 938 |
_aBaker and Taylor _bBTCP _n2005037248 |
||
| 938 |
_aYBP Library Services _bYANK _n2373787 |
||
| 942 |
_2lcc _cbk |
||
| 994 |
_aC0 _bDRFGD |
||
| 946 | _acsexposito | ||
| 999 |
_c94293 _d94293 |
||